000 00722nam a2200145Ia 4500
008 100415s9999 xx 000 0 und d
082 _b2108
_a582.16
100 _aBlake Ernest G
245 _aThe Seasoning and Preservation of Timber : Being a Treatise on the Various Methods Employed for Drying and Preserving Timber Against Decay
260 _aLONDON
_c1924
_bCHAPMAN AND HALL
365 _b0
630 _aThe Seasoning and Preservation of Timber : Being a Treatise on the Various Methods Employed for Drying and Preserving Timber Against Decay
730 _aThe Seasoning and Preservation of Timber : Being a Treatise on the Various Methods Employed for Drying and Preserving Timber Against Decay
942 _cBOOK
999 _c585128
_d585125